01672 a2200217 45000010006000000050017000060080041000230030015000640400040000790800039001192450023001580200022001812640049002033000019002525051007002710410008012781000027012867000022013137000020013358560099013554695720260407155739.0260407a1996 arg spa dAR-UNSa-BCEJYS aAR-UNSa-BCEJYSbspacAR-UNSa-BCEJYS a331.101.26xEconomía del trabajo10aEconomía Laboral a978-84-481-0790-1 1aEspaña :bMcGraw-Hill Interamericanac1996 a564 p.c24 cm. a1. La economía laboral : introducción y visión panorámica - 2. La teoría de la oferta de trabajo del individuo - 3. La población, las tasas de actividad y las horas de trabajo - 4. La calidad del trabajo : la inversión en capital humano - 5. La demanda de trabajo - 6. La determinación de los salarios y la asignación del trabajo - 7. Los sistemas de remuneración y la eficiencia del trabajo - 8. La estructura salarial - 9. La movilidad, la migración y la eficiencia - 10. Los sindicatos y la negociación colectiva - 11. El Estado y el mercado de trabajo - 12. Las teorías de la discriminación en el mercado de trabajo - 13. Las mujeres y el mercado de trabajo - 14. Críticas a la teoría ortodoxa de los salarios - 15. La distribución personal de las ganancias - 16. Empleo, paro, productividad, salario e inflación - 17. La determinación del empleo, el paro, los salarios y la inflación - 18. Fuentes de información sobre el mercado de trabajo en España.  aspa1 aMcConnell, Campbell R.1 aBrune, Stanley L.1 aRabasco, Esther41uhttps://www.biblioeco.unsa.edu.ar/pmb/images/libros/L127354.jpgyImagen de portadaqimage/jpeg